000 00468nam a2200181Ia 4500
001 8055
005 20260306160541.0
008 260306t2006||||xx |||||||||||||| ||spa||
041 _aESP
082 _a370.1
_bF43N
100 _aFerreiro Gravié, Ramón
_eAUT
245 0 _aNuevas alternativas de aprender y enseñar:
_baprendizaje cooperativo
260 _c2006
300 _a216 páginas :
_c23 cm.
650 _aGEN
654 _aCED
942 _cLIB
_dJUS
_fJUS
_2ddc
_n
999 _c8055
_d8055